000 01207nac a22002531u 4500
008 100725s ua|||||r|||| 001 0 ara d
082 _bر ا ز
_a240
_222
100 _aالرازي ، فخر الدين
_916676
_qمحمد بن عمر بن الحسين
245 _aالأربعين في أصول الدين/
_cفخر الدين الرازي ؛ تقديم وتحقيق وتعليق أحمد حجازي السقا
260 _aالقاهرة:
_bمكتبة الكليات الأزهرية ، 1986
_cc1986.
300 _a342 ص ؛
_c24 سم
490 _916684
_a؛من تراث الرازي
_n11
511 _aCatalogued by: Sara
541 _aألف باء ؛
_cشراء ؛
650 _aعلم الكلام
_916065
650 _aالملائكة
_913530
650 _aالثواب والعقاب
_913529
650 _aالشفاعة
_916982
650 _aالنبوات
_916983
650 _aالإمامة
_916984
700 _aالسقا ، أحمد حجازي
_916685
942 _cBB
_k240 ر ا ز
_2ddc
999 _c6782
_d6782